000 00450nam a2200181Ia 4500
003 GCL
008 140319s9999 xx 000 0 eng d
040 _aGCL /
_cGCL
082 0 4 _a895.632
_bUM
100 1 _aUEDA, MAKOTO
245 1 0 _aMATSUO BASHO /
_cUEDA, MAKOTO
260 _a[S.N] :
_bKODANSHA INTERNATIONAL ،
_c1982
300 _a194
650 0 4 _aLITERATURE
650 0 4 _aJAPAN - LITERATURE
650 0 4 _aBASHO, MATSUO
942 _2ddc
_cBK
999 _c25310
_d25310